Statistics for Top 60 persons of the 18th Century

Click here to take the quiz!

General Stats

  • This quiz has been taken 60 times
  • The average score is 26 of 60

Answer Stats

HintAnswer% Correct
First president of the United StatesGeorge Washington
94%
HMS Endeavor and Discovery, mapped much of the Pacific Ocean before being killed in HawaiiCaptain James Cook
85%
Wrote the US Declaration of Independence and was the third US president.Thomas Jefferson
85%
Child prodigy who died at the age of 35 but managed to compose over 600 symphonies, operas, etcWolfgang Amadeus Mozart
85%
The Wealth of Nations, Theory of Moral Sentiments. Those who quote the former to support capitalism should read the latter before citing this Scottish author.Adam Smith
80%
Inventor of the electrical batteryAlessandro Volta
80%
German princess, ruled Russia by usurping her husband, expanded and modernized Russia. Had an affair with a Polish noble who she made king of Poland.Catherine the Great
80%
Writer, newspaper editor, ambassador to France, US founding father, scientistBenjamin Franklin
76%
French Enlightenment thinker and satirist. Wrote Candide.Voltaire
76%
Prior to becoming the Russian Tsar, he worked in a Dutch shipyard. Modernized the Russian state and established St Petersburg as a window to the West.Peter the Great
72%
German composer and organistJohan Sebastian Bach
70%
English-American radical and revolutionary, author of Common SenseThomas Paine
67%
English writer and journalist best know for Robinson CrusoeDaniel Defoe
65%
German Baroque composer best known for the MessiahGeorge Frideric Handel
63%
One of the great Baroque composers best known for the violin piece The Four SeasonsAntonio Vivaldi
61%
US Senator, Jefferson's VP, killed Alexander Hamilton in a duelAaron Burr
57%
Famed violin makerAntonio Stradivari
56%
Inventor of the cotton ginEli Whitney
56%
His invention (or more accurately improvement) of the steam engine kick off the Industrial RevolutionJames Watt
56%
Anglo-Irish satirist, literary critic and political writer best known for Gulliver's TravelsJonathan Swift
56%
An important figure in the French Revolution and the Reign of Terror, he was eventually executed.Maximillen Robespierre
56%
Swedish astronomer who proposed the most commonly used temperature scale that bears his nameAnders Celsius
54%
His Critique of Pure Reason was an attempt to refute the skepticism of David Hume. Residents of Konigsberg set their clocks according to his daily walk.Immanuel Kant
54%
Wrote the Social Contract, Discourse on the Origin of Inequality, Emile, etc. French Enlightenment figure. Left his children in an orphanage.Jean Jacques Rousseau
54%
Founding writer of German Romanticism, he is best know for The Sorrow of Young Werther and Faust.JohannWolfgang von Goethe
48%
Developed the mercury thermometer and a temperature scale now considered dated and used mostly in the US.Daniel Fahrenheit
44%
A proponent of enlightened absolutism, he modernized the Prussian state ruling for over 40 years.Frederick II
44%
The first monarch of the new Kingdom of Great Britain (1707) as opposed to a joint monarch of England and Scotland.Queen Anne
44%
Generally considered the first prime minister of Great Britain serving from 1721 - 1742Robert Walpole
44%
Spanish painter, known as the last of the masters and the first of the modernsFrancisco Goya
43%
Pacific explorer finishes charting the Pacific coastline in North America and Australia. He has several places named after him including a city and an island in CanadaGeorge Vancouver
43%
Danish explorer working for Russia explored Alaska. Bodies of water, land, and a glacier were named after him.Vitus Bering
43%
The father of immunology, he developed the first small pox vaccineEdward Jenner
41%
Helped lead the Haitian RevolutionTousssaint L'Ouverture
39%
Swiss mathematician and physicist who spent most of career in St Petersburg and Berlin. Made several important discoveries in calculus and geometryLeonhard Euler
37%
British Prime Minister and Chancellor of the Exchequer during the Napoleonic era, generally regarded as one of the best PMsWilliam Pitt the Younger
37%
Perhaps the best skeptical philosopher. He wrote A Treatise of Human NatureDavid Hume
35%
The Methodist church is founded by these two brothersJohn and Charles Wesley
33%
English slave trader who after undergoing a Christian conversion wrote Amazing GraceJohn Newton
33%
Published An Essay on the Principle of Population suggesting population growth would lead to poverty.Thomas Malthus
33%
French scientist commonly referred to as the father of modern chemistryAntoine Lavoisier
30%
Wrote The History of the Decline and Fall of the Roman EmpireEdward Gibbon
30%
English writer and advocate for women's rights best known for writing A Vindication of the Rights of WomanMary Wollstonecraft
26%
A moderate Jacobin in the French Revolution and was the first President of the Committee of Public Safety. He was guillotined in 1794Georges Danton
24%
English essayists, biographer, critic and poet.Samuel Johnson
22%
Began as Duke of Parma, then King of Naples and Sicily and then finally as the King of Spain, unified and centralized Spanish governance, curtailed the Inquisition and the JesuitsCharles III
20%
Led Sweden during the Great Northern War (1700 - 1721) in which he pillaged his way through central and eastern Europe. In the end he was defeated, Sweden declined as a great power and Prussia and Russia rose to take its placeCharles XII
19%
Widely viewed as the founding political philosopher of modern conservatism, he was an Anglo-Irish statesmen who supported the American RevolutionEdmund Burke
17%
Quebec City is conquered by the British. Both French and British commanders die in battle.Montcalm and Wolfe
17%
Islamic scholar and revivalist preacher who claimed to return Islam to its original state. Began a power sharing arrangement with the Saud family that continues today in Saudi Arabia where his version of Islam is supported by the monarchy.Muhammad ibn Add al-Wahhab
17%
After assisting in the American Revolution, he returned home to Poland where he was defeated attempting to stop the Second PartitionTadeusz Kosciuszko
15%
Swedish botanist who developed modern taxonomyCarl Linnaeus
11%
American revivalist preacher and Puritan theologianJonathan Edwards
11%
English chemist and theologian usually credited with the discovery of oxygen and the development of laughing gas or nitrous oxideJoseph Priestly
9%
Reigning over 60 years, this emperor expanded China and oversaw a general period of prosperityQianlong Emperor
9%
British scientist known for the discovery of hydrogen, a theory of heat and developed an experiment to measure the density of the earth.Henry Cavendish
7%
Through a palace coup he became the Sultan of the Ottoman Empire and ended a period of modernizaiton and starting the long period of stagnation and decline.Mahmud I
7%
Anglo-Irish bishop and philosopher who argued for Idealism as opposed to the empiricism of John Locke.George Berkely
2%
Created the spinning jenny helping to start the Industrial RevolutionJames Hargreaves
2%
Founded the first Saudi stateMohammed Ibn Saud
2%

Score Distribution

Percentile by Number Answered

Percent of People with Each Score

Your Score History

You have not taken this quiz